Uruk Pottery: Origin & Distribution/ Bahnam Abu Al Soof PhD = (Record no. 6563)
[ view plain ]
| 000 -LEADER | |
|---|---|
| fixed length control field | 00727nam a2200181Ia 4500 |
| 001 - CONTROL NUMBER | |
| control field | 6563 |
| 008 - FIXED-LENGTH DATA ELEMENTS--GENERAL INFORMATION | |
| fixed length control field | 260622s9999 xx 000 0 und d |
| 245 #0 - TITLE STATEMENT | |
| Title | Uruk Pottery: Origin & Distribution/ Bahnam Abu Al Soof PhD = |
| Remainder of title | فخار عصر الوركاء: أصله و انتشاره؟ د. بہنام ابو الصوف |
| 260 ## - PUBLICATION, DISTRIBUTION, ETC. | |
| Name of publisher, distributor, etc. | طبع بمطابع جامعة الموصل؛ المؤسسة العامة للآثار و التراث، وزارة الثقافة و العلام، الجمهورية العراق؛ |
| Date of publication, distribution, etc. | 1985 |
| 300 ## - PHYSICAL DESCRIPTION | |
| Extent | 204p; |
| Dimensions | 23x17cm |
| 546 ## - LANGUAGE NOTE | |
| Language note | English |
| 648 ## - SUBJECT ADDED ENTRY--CHRONOLOGICAL TERM | |
| Chronological term | Ancient |
| 650 ## - SUBJECT ADDED ENTRY--TOPICAL TERM | |
| Topical term or geographic name entry element | CC1-960 Archaeology |
| 650 ## - SUBJECT ADDED ENTRY--TOPICAL TERM | |
| Topical term or geographic name entry element | Pottery |
| 9 (RLIN) | 9409 |
| 651 ## - SUBJECT ADDED ENTRY--GEOGRAPHIC NAME | |
| Geographic name | Iraq |
| 655 ## - INDEX TERM--GENRE/FORM | |
| Genre/form data or focus term | Research report |
| 9 (RLIN) | 9410 |
| 942 ## - ADDED ENTRY ELEMENTS (KOHA) | |
| Koha item type | Book |
| Withdrawn status | Lost status | Damaged status | Not for loan | Collection | Home library | Current library | Date acquired | Total Checkouts | Full call number | Barcode | Date last seen | Price effective from | Koha item type |
|---|---|---|---|---|---|---|---|---|---|---|---|---|---|
| Archaeology- Biography | SAF Reference Library | SAF Reference Library | 06/22/2026 | CC1-960 98.654 | 6563 | 06/22/2026 | 06/22/2026 | Book |